000 00377nam a2200157Ia 4500
003 OSt
005 20231120062406.0
008 170524s9999 xx 000 0 und d
020 _a81-7648-069-X
040 _cIIMT UNIVERSITY
100 _achakravarti - B.K.
245 2 _aA Technical Quide to hotel Operation
260 _bA . P. H. Pub.
260 _c1999
942 _2ddc
_c02
999 _c6727
_d6727